[Event "AZE-ch Prelim 78th"]
[Site "Baku"]
[Date "2024.04.15"]
[Round "5"]
[White "Guliyev, Namig"]
[Black "Samadov, Read"]
[Result "1/2-1/2"]
[WhiteElo "2509"]
[BlackElo "2502"]
[PlyCount "106"]
[EventDate "2024.04.11"]
[EventType "swiss"]
[EventRounds "9"]
[EventCountry "AZE"]
[SourceTitle "CB17_2024"]
[SourceDate "2024.04.24"]
[SourceVersion "1"]
[SourceVersionDate "2024.04.24"]
[SourceQuality "1"]

1. e4 c5 2. Nf3 d6 3. d4 cxd4 4. Nxd4 Nf6 5. Nc3 a6 6. Be3 e5 7. Nb3 Be7 8. f3 Be6 9. Qd2 h5 10. Nd5 Nxd5 11. exd5 Bf5 12. Be2 a5 13. a4 Nd7 14. 0-0 0-0 15. f4 exf4 16. Bxf4 Nf6 17. Nd4 Bg6 18. Bf3 Re8 19. Rae1 Rc8 20. Kh1 Qb6 21. c3 Nd7 22. Nb5 Bf8 23. Qd1 Qc5 24. Rxe8 Rxe8 25. Bxh5 Bxh5 26. Qxh5 Nf6 27. Qf3 Qxd5 28. Bxd6 Bxd6 29. Qxd5 Nxd5 30. Nxd6 Re2 31. h4 Rxb2 32. Rxf7 Nxc3 33. Rxb7 Rxb7 34. Nxb7 Nxa4 35. Nxa5 Kf7 36. Kh2 Nc5 37. Kg3 Kf6 38. Kg4 g6 39. Nc4 Ne6 40. Nd6 Nd4 41. Ne4+ Ke5 42. Nc3 Ne6 43. g3 Kf6 44. Ne4+ Ke5 45. Ng5 Nd8 46. Nf3+ Kf6 47. Kf4 Ne6+ 48. Ke4 g5 49. h5 Ng7 50. g4 Nxh5 51. gxh5 g4 52. Nh2 Kg5 53. Nxg4 Kxh5 1/2-1/2

[Event "Karlsruhe Grenke op"]
[Site "Karlsruhe"]
[Date "2024.04.01"]
[Round "8"]
[White "Dahl, Christoph"]
[Black "Guliyev, Namig"]
[Result "1-0"]
[WhiteElo "2367"]
[BlackElo "2508"]
[PlyCount "107"]
[EventDate "2024.03.28"]
[EventType "swiss"]
[EventRounds "9"]
[EventCountry "GER"]
[SourceTitle "CB14_2024"]
[SourceDate "2024.04.01"]
[SourceVersion "1"]
[SourceVersionDate "2024.04.01"]
[SourceQuality "1"]

1. d4 d5 2. c4 e6 3. Nc3 Nf6 4. cxd5 Nxd5 5. e4 Nxc3 6. bxc3 c5 7. Rb1 cxd4 8. cxd4 Nc6 9. Nf3 Bb4+ 10. Bd2 Bxd2+ 11. Qxd2 0-0 12. Bb5 Bd7 13. 0-0 a6 14. Bd3 b5 15. Rfd1 Qb6 16. d5 exd5 17. exd5 Ne7 18. d6 Nc6 19. Qf4 Rae8 20. Ng5 g6 21. Qh4 h5 22. Ne4 Ne5 23. Nf6+ Kg7 24. Nxe8+ Rxe8 25. Be2 f6 26. Qd4 Qxd4 27. Rxd4 Rc8 28. f4 Nf7 29. Bf3 h4 30. Re1 Kf8 31. Re7 Rd8 32. Re1 h3 33. Bd5 Nh6 34. Re7 Be8 35. Be6 hxg2 36. Rh7 Bf7 37. Rh8+ Ng8 38. Bxf7 Kxf7 39. d7 Kg7 40. Rh3 Ne7 41. Rc3 Kf7 42. Kxg2 a5 43. Rc5 b4 44. Rd6 Nf5 45. Rc8 Ke7 46. Rxd8 Kxd8 47. Rxf6 Kxd7 48. Ra6 Ne3+ 49. Kf3 Nc4 50. Ke4 Kc7 51. Kd5 Kb7 52. Rxg6 Nd2 53. f5 a4 54. f6 1-0

[Event "Chessable Masters Play In"]
[Site "Chess.com INT"]
[Date "2024.01.31"]
[Round "1"]
[White "Guliyev, Namig"]
[Black "Bluebaum, Matthias"]
[Result "1/2-1/2"]
[WhiteElo "2506"]
[BlackElo "2655"]
[PlyCount "132"]
[EventDate "2024.01.31"]
[EventType "swiss (rapid)"]
[EventRounds "9"]
[EventCountry "USA"]
[SourceTitle "CB06_2024"]
[SourceDate "2024.02.07"]
[SourceVersion "1"]
[SourceVersionDate "2024.02.07"]
[SourceQuality "1"]

1. e4 e6 2. d4 d5 3. Nc3 Nf6 4. e5 Nfd7 5. f4 c5 6. Nf3 Nc6 7. Be3 a6 8. Qd2 b5 9. dxc5 Bxc5 10. Ne2 Qb6 11. Bxc5 Nxc5 12. Ned4 Ne4 13. Qe3 0-0 14. Bd3 b4 15. 0-0 a5 16. Rfe1 Rd8 17. Nxc6 Qxc6 18. a3 Ba6 19. axb4 axb4 20. Bxe4 dxe4 21. Qxe4 Qb6+ 22. Qe3 Qc7 23. Nd4 Bb7 24. c3 bxc3 25. bxc3 h6 26. h3 Rdc8 27. Rxa8 Rxa8 28. Re2 Qc4 29. f5 exf5 30. Nxf5 Qe6 31. Nd4 Qd5 32. Qg3 Ra1+ 33. Kh2 Bc8 34. Qe3 Bb7 35. Nf5 Qe6 36. Nd4 Qd5 37. e6 Qd6+ 38. Qe5 Qxe5+ 39. Rxe5 fxe6 40. Rxe6 Rc1 41. Re7 Bd5 42. Re3 Kf7 43. h4 Kf6 44. Kh3 g5 45. hxg5+ hxg5 46. Kg3 Rg1 47. Re2 Rd1 48. Rf2+ Kg6 49. Kh2 Rd3 50. Nf5 Be4 51. Ng3 Bd5 52. Rc2 Bb3 53. Rc1 Bc4 54. Ne4 Bd5 55. Nf2 Rd2 56. Kg1 Bc4 57. g4 Re2 58. Rd1 Re3 59. Rd6+ Kg7 60. Rc6 Rxc3 61. Ne4 Rc1+ 62. Kh2 Rc2+ 63. Kg3 Bd3 64. Rxc2 Bxc2 65. Nxg5 Bd1 66. Kf4 Bxg4 1/2-1/2

[Event "Chessable Masters Play In"]
[Site "Chess.com INT"]
[Date "2024.01.31"]
[Round "3"]
[White "Hakobyan, Aram"]
[Black "Guliyev, Namig"]
[Result "1-0"]
[WhiteElo "2616"]
[BlackElo "2506"]
[PlyCount "97"]
[EventDate "2024.01.31"]
[EventType "swiss (rapid)"]
[EventRounds "9"]
[EventCountry "USA"]
[SourceTitle "CB06_2024"]
[SourceDate "2024.02.07"]
[SourceVersion "1"]
[SourceVersionDate "2024.02.07"]
[SourceQuality "1"]

1. d4 d5 2. Nf3 Nf6 3. c4 dxc4 4. e3 e6 5. Bxc4 a6 6. 0-0 c5 7. Re1 Nc6 8. Bd3 Be7 9. dxc5 Bxc5 10. a3 0-0 11. b4 Ba7 12. Bb2 Qe7 13. Nbd2 Rd8 14. Qc2 e5 15. Ne4 Nd5 16. Rad1 Bg4 17. Bc4 Nf6 18. Ng3 Rxd1 19. Rxd1 Rf8 20. h3 Bxf3 21. gxf3 Qc7 22. Bb3 Bb8 23. Qc5 Qc8 24. Kg2 g6 25. f4 Re8 26. Qc4 Qc7 27. f5 Qe7 28. Qh4 Kg7 29. Kh1 Bc7 30. Rg1 Kh8 31. fxg6 fxg6 32. Ne2 Nh5 33. Qg4 Rf8 34. Rg2 Qd8 35. Bc3 Qd3 36. Bc4 Qb1+ 37. Rg1 Qc2 38. Rc1 Qf5 39. Qxf5 Rxf5 40. Kg2 Kg7 41. Bb2 Rf6 42. Nc3 Kh6 43. Ne4 Rf8 44. Bxa6 bxa6 45. Rxc6 Bb8 46. Rxa6 Rc8 47. Nc5 Ng7 48. Ra8 Ne8 49. Bxe5 1-0

[Event "AI Cup Play In"]
[Site "Chess.com INT"]
[Date "2023.09.18"]
[Round "6"]
[White "Guliyev, Namig"]
[Black "Durarbayli, Vasif"]
[Result "0-1"]
[WhiteElo "2531"]
[BlackElo "2625"]
[PlyCount "82"]
[EventDate "2023.09.18"]
[EventType "swiss (rapid)"]
[EventRounds "9"]
[EventCountry "USA"]
[SourceTitle "EXT 2024"]
[Source "ChessBase"]
[SourceDate "2023.10.10"]
[SourceVersion "1"]
[SourceVersionDate "2023.10.10"]
[SourceQuality "1"]

1. e4 c5 2. Nf3 d6 3. Bb5+ Nd7 4. d4 cxd4 5. Qxd4 a6 6. Bxd7+ Bxd7 7. Nc3 e5 8. Qd3 Rc8 9. 0-0 Nf6 10. Bg5 h6 11. Bxf6 Qxf6 12. Nd5 Qd8 13. c4 Be7 14. Rfd1 Rc6 15. b4 0-0 16. c5 Bg4 17. h3 Bxf3 18. Qxf3 dxc5 19. Nf6+ Rxf6 20. Rxd8 Rxd8 21. Qc3 cxb4 22. Qxe5 Bd6 23. Qb2 Bc5 24. Rf1 Rfd6 25. Qc2 b6 26. e5 Rd2 27. Qc4 Re8 28. Qxa6 Rxe5 29. g4 g6 30. Kg2 Ree2 31. Qa8+ Kg7 32. h4 Rxa2 33. Qc6 Rxf2+ 34. Rxf2 Rxf2+ 35. Kg3 b3 36. Qe4 b2 37. g5 h5 38. Qd3 Kh7 39. Qb3 Bd4 40. Qd3 Rf5 41. Kg2 Bg7 0-1

[Event "Titled Tuesday intern op 15th Aug Early"]
[Site "Chess.com INT"]
[Date "2023.08.15"]
[Round "7"]
[White "Guliyev, Namig"]
[Black "Burmakin, Evgeniy"]
[Result "1-0"]
[WhiteElo "2533"]
[BlackElo "2179"]
[PlyCount "87"]
[EventDate "2023.08.15"]
[EventType "swiss (blitz)"]
[EventRounds "11"]
[EventCountry "USA"]
[SourceTitle "EXT 2024"]
[Source "ChessBase"]
[SourceDate "2023.10.10"]
[SourceVersion "1"]
[SourceVersionDate "2023.10.10"]
[SourceQuality "1"]

1. d4 Nf6 2. Nf3 g6 3. c4 Bg7 4. Nc3 0-0 5. g3 d6 6. Bg2 Nbd7 7. 0-0 e5 8. e4 c6 9. Re1 Re8 10. h3 a6 11. d5 c5 12. a4 b6 13. a5 bxa5 14. Qa4 Rb8 15. Qxa5 Rb4 16. Bf1 Qxa5 17. Rxa5 Nb6 18. Na2 Nxc4 19. Nxb4 Nxa5 20. Nxa6 Bxa6 21. Bxa6 Rb8 22. Nd2 Bh6 23. f3 Rb6 24. Bf1 Kg7 25. Re2 Nh5 26. Kf2 f5 27. Bg2 fxe4 28. fxe4 Rb7 29. Bf3 Nf6 30. h4 Nd7 31. Ke1 Nb8 32. Kd1 Na6 33. Re1 Nb4 34. Be2 Na2 35. Kc2 Nxc1 36. Rxc1 Bxd2 37. Kxd2 Rxb2+ 38. Ke3 Nb3 39. Ra1 Nd4 40. Ra7+ Kh6 41. Bd1 Rg2 42. g4 Rg3+ 43. Kf2 Rh3 44. g5# 1-0

[Event "Titled Tuesday intern op 15th Aug Early"]
[Site "Chess.com INT"]
[Date "2023.08.15"]
[Round "3"]
[White "Guliyev, Namig"]
[Black "Tomaszewski, Kacper"]
[Result "1-0"]
[WhiteElo "2533"]
[BlackElo "2321"]
[PlyCount "57"]
[EventDate "2023.08.15"]
[EventType "swiss (blitz)"]
[EventRounds "11"]
[EventCountry "USA"]
[SourceTitle "EXT 2024"]
[Source "ChessBase"]
[SourceDate "2023.10.10"]
[SourceVersion "1"]
[SourceVersionDate "2023.10.10"]
[SourceQuality "1"]

1. e4 e6 2. d4 d5 3. Nc3 Bb4 4. e5 c5 5. a3 Ba5 6. b4 cxd4 7. Nb5 Bc7 8. f4 Bd7 9. Nxd4 Nc6 10. Ngf3 Nge7 11. c3 a6 12. Bd3 Nxd4 13. cxd4 Bb5 14. Bxb5+ axb5 15. Qd3 Qd7 16. 0-0 h5 17. Be3 g6 18. Rfc1 Bb6 19. Rc3 0-0 20. Bf2 Rfc8 21. Rac1 Rc4 22. h3 Rxa3 23. Rxa3 Rxc1+ 24. Kh2 Nc6 25. Qxb5 Qc7 26. Ra8+ Kg7 27. Bh4 g5 28. Bxg5 Rc4 29. Bf6+ 1-0

[Event "Titled Tuesday intern op 15th Aug Early"]
[Site "Chess.com INT"]
[Date "2023.08.15"]
[Round "4"]
[White "Yelisieiev, Yevhenii"]
[Black "Guliyev, Namig"]
[Result "1/2-1/2"]
[WhiteElo "2401"]
[BlackElo "2533"]
[PlyCount "99"]
[EventDate "2023.08.15"]
[EventType "swiss (blitz)"]
[EventRounds "11"]
[EventCountry "USA"]
[SourceTitle "EXT 2024"]
[Source "ChessBase"]
[SourceDate "2023.10.10"]
[SourceVersion "1"]
[SourceVersionDate "2023.10.10"]
[SourceQuality "1"]

1. d4 d5 2. Nf3 Nf6 3. c4 dxc4 4. e3 e6 5. Bxc4 a6 6. 0-0 Nbd7 7. Nbd2 Bd6 8. e4 e5 9. dxe5 Nxe5 10. Nxe5 Bxe5 11. Nf3 Qxd1 12. Rxd1 Bg4 13. Bxf7+ Ke7 14. Bb3 Bxf3 15. gxf3 Rhd8 16. Be3 Bxb2 17. Rxd8 Rxd8 18. Rd1 Rxd1+ 19. Bxd1 b6 20. Bf4 c5 21. a4 b5 22. Kf1 Nd7 23. Ke2 Nb6 24. axb5 axb5 25. Be3 Kd6 26. f4 Bd4 27. Bxd4 cxd4 28. Kd3 Kc5 29. Bb3 h6 30. e5 Nd5 31. f5 Ne7 32. f6 gxf6 33. exf6 Nc6 34. Ke4 Kd6 35. Bd5 d3 36. f7 Ke7 37. Kxd3 Nb4+ 38. Kd4 Nxd5 39. Kxd5 Kxf7 40. Kc5 Kf6 41. Kxb5 Kf5 42. h4 Kg4 43. Kc4 Kxh4 44. Kd3 Kg4 45. Ke2 Kf4 46. Kf1 Kf3 47. Kg1 h5 48. Kh2 h4 49. Kh3 Kxf2 50. Kxh4 1/2-1/2

[Event "FRA-ch Blitz"]
[Site "Asnieres sur Seine"]
[Date "2023.06.24"]
[Round "8"]
[White "Guliyev, Namig"]
[Black "Moussard, Jules"]
[Result "0-1"]
[WhiteElo "2521"]
[BlackElo "2655"]
[PlyCount "68"]
[EventDate "2023.06.24"]
[EventType "swiss (blitz)"]
[EventRounds "13"]
[EventCountry "FRA"]
[SourceTitle "CBM 214 Extra"]
[Source "ChessBase"]
[SourceDate "2023.07.31"]
[SourceVersion "1"]
[SourceVersionDate "2023.07.31"]
[SourceQuality "1"]

1. e4 c5 2. Nf3 e6 3. d4 cxd4 4. Nxd4 Nc6 5. Nb5 d6 6. c4 Nf6 7. N1c3 a6 8. Nd4 Be7 9. Be2 0-0 10. Be3 Bd7 11. 0-0 Rc8 12. Nxc6 Bxc6 13. Qd4 e5 14. Qd3 b5 15. cxb5 axb5 16. a3 h6 17. f3 Rb8 18. b4 Qd7 19. Rfd1 Rfc8 20. a4 bxa4 21. b5 Ba8 22. Nxa4 d5 23. Nb6 Rxb6 24. Bxb6 Qe6 25. Be3 dxe4 26. fxe4 Bxe4 27. Qd2 Rc2 28. Qe1 Ng4 29. Ba7 Qc4 30. Bf1 Bc5+ 31. Kh1 Bxg2+ 32. Bxg2 Nf2+ 33. Qxf2 Rxf2 34. Rac1 Qg4 0-1

[Event "FRA-ch Blitz"]
[Site "Asnieres sur Seine"]
[Date "2023.06.24"]
[Round "7"]
[White "Jossien, Remy"]
[Black "Guliyev, Namig"]
[Result "0-1"]
[WhiteElo "2231"]
[BlackElo "2521"]
[PlyCount "114"]
[EventDate "2023.06.24"]
[EventType "swiss (blitz)"]
[EventRounds "13"]
[EventCountry "FRA"]
[SourceTitle "CBM 214 Extra"]
[Source "ChessBase"]
[SourceDate "2023.07.31"]
[SourceVersion "1"]
[SourceVersionDate "2023.07.31"]
[SourceQuality "1"]

1. e4 c5 2. Nc3 Nc6 3. Bb5 Nd4 4. Nf3 Nxb5 5. Nxb5 d6 6. d4 a6 7. Nc3 cxd4 8. Qxd4 e6 9. Bg5 f6 10. Be3 Ne7 11. Na4 Nc6 12. Qd2 b5 13. Nb6 Rb8 14. Nxc8 Qxc8 15. 0-0 Be7 16. c3 Qb7 17. Nd4 Nxd4 18. Qxd4 Kf7 19. f4 Rhc8 20. f5 e5 21. Qd5+ Qxd5 22. exd5 Bd8 23. Rac1 Bb6 24. Kf2 Bxe3+ 25. Kxe3 Rc5 26. Rfd1 g6 27. g4 gxf5 28. gxf5 Rg8 29. Rc2 Rg5 30. a4 Rxf5 31. b4 Rc4 32. axb5 axb5 33. Ra1 Rh5 34. Ra7+ Kg6 35. Rg2+ Kf5 36. Rf2+ Rf4 37. Rg2 Rh3+ 38. Kd2 Rff3 39. Rc7 Rd3+ 40. Kc2 Rxd5 41. Rf2+ Ke6 42. Rc8 Rdd3 43. Kb2 f5 44. Re8+ Kd7 45. Rb8 Rxc3 46. Rxb5 Rb3+ 47. Kc2 Rhc3+ 48. Kd2 f4 49. Rb7+ Kc6 50. Rxh7 f3 51. Rh4 Rb2+ 52. Kxc3 Rxf2 53. Kd3 Re2 54. Rc4+ Kb5 55. Rg4 e4+ 56. Kd4 f2 57. Rf4 e3 0-1

[Event "Aimchess Play In op"]
[Site "Chess.com INT"]
[Date "2023.06.12"]
[Round "7"]
[White "Guliyev, Namig"]
[Black "Aradhya, Garg"]
[Result "1-0"]
[WhiteElo "2521"]
[BlackElo "2339"]
[PlyCount "61"]
[EventDate "2023.06.12"]
[EventType "swiss (rapid)"]
[EventRounds "9"]
[EventCountry "USA"]
[SourceTitle "CBM 214 Extra"]
[Source "ChessBase"]
[SourceDate "2023.07.31"]
[SourceVersion "1"]
[SourceVersionDate "2023.07.31"]
[SourceQuality "1"]

1. e4 e5 2. Nf3 Nc6 3. Bb5 a6 4. Ba4 Bc5 5. 0-0 d6 6. c3 Bd7 7. d4 Ba7 8. dxe5 Nxe5 9. Nxe5 dxe5 10. Nd2 Nf6 11. Bc2 0-0 12. Qf3 Qe7 13. h3 Bb5 14. Re1 Rad8 15. a4 Bc6 16. Nc4 Ne8 17. Na5 Nd6 18. Nxc6 bxc6 19. a5 Nc4 20. Qe2 Nd6 21. Qxa6 Ra8 22. Qxc6 f5 23. exf5 Rab8 24. Qd5+ Kh8 25. b4 Qh4 26. Be3 Bxe3 27. Rxe3 Nxf5 28. Bxf5 Rxf5 29. Rf3 Rg5 30. a6 e4 31. a7 1-0

[Event "Aimchess Play In op"]
[Site "Chess.com INT"]
[Date "2023.06.12"]
[Round "4"]
[White "Guliyev, Namig"]
[Black "Mohammad, Nubairshah Shaikh"]
[Result "1-0"]
[WhiteElo "2521"]
[BlackElo "2415"]
[PlyCount "151"]
[EventDate "2023.06.12"]
[EventType "swiss (rapid)"]
[EventRounds "9"]
[EventCountry "USA"]
[SourceTitle "CBM 214 Extra"]
[Source "ChessBase"]
[SourceDate "2023.07.31"]
[SourceVersion "1"]
[SourceVersionDate "2023.07.31"]
[SourceQuality "1"]

1. e4 c6 2. d4 d5 3. Nc3 dxe4 4. Nxe4 Bf5 5. Ng3 Bg6 6. Nh3 Nf6 7. Bc4 e6 8. Bb3 Bd6 9. Nf4 Qc7 10. Qf3 Nd5 11. Nxg6 hxg6 12. Ne4 Bf4 13. Bxf4 Qxf4 14. Qxf4 Nxf4 15. g3 Nd5 16. Nd6+ Ke7 17. Nxb7 a5 18. Nc5 Nd7 19. Nxd7 Kxd7 20. Kd2 a4 21. Bc4 a3 22. bxa3 Nb6 23. Bb3 Rxa3 24. h4 Rh5 25. Kc3 Rf5 26. f4 Rfa5 27. Kb2 Nd5 28. c3 Nf6 29. Rae1 Ra8 30. Re2 R3a7 31. Rd1 Kd6 32. c4 Rd8 33. Kc3 Ra5 34. Re5 Ra7 35. a4 Rb8 36. Ra1 Rab7 37. Bc2 Nd7 38. Ree1 c5 39. Rad1 cxd4+ 40. Rxd4+ Kc7 41. Ra1 Nc5 42. Ra3 Ra7 43. Rd1 Ra5 44. Rda1 Rb6 45. Rh1 Rb8 46. g4 Rh8 47. Raa1 Nd7 48. Kb4 Ra7 49. a5 Rb8+ 50. Kc3 Rba8 51. h5 gxh5 52. Rxh5 Nf6 53. Rb5 Nxg4 54. Rg5 Nh6 55. Be4 Rg8 56. a6 g6 57. Rc5+ Kd6 58. Rc6+ Ke7 59. Rb6 Kf6 60. Rb7 Rga8 61. Rxa7 Rxa7 62. Bb7 Nf5 63. c5 Ke7 64. Rd1 Ne3 65. Rd6 f6 66. Kb4 Nf5 67. Rd3 e5 68. fxe5 fxe5 69. c6 e4 70. Rd7+ Ke6 71. c7 Rxa6 72. c8Q Rb6+ 73. Ka5 Ke5 74. Rd5+ Kf4 75. Rxf5+ gxf5 76. Kxb6 1-0

[Event "Aimchess Play In op"]
[Site "Chess.com INT"]
[Date "2023.06.12"]
[Round "6"]
[White "Rustemov, Alexander"]
[Black "Guliyev, Namig"]
[Result "1/2-1/2"]
[WhiteElo "2525"]
[BlackElo "2521"]
[PlyCount "60"]
[EventDate "2023.06.12"]
[EventType "swiss (rapid)"]
[EventRounds "9"]
[EventCountry "USA"]
[SourceTitle "CBM 214 Extra"]
[Source "ChessBase"]
[SourceDate "2023.07.31"]
[SourceVersion "1"]
[SourceVersionDate "2023.07.31"]
[SourceQuality "1"]

1. d4 d5 2. c4 dxc4 3. Nf3 a6 4. e3 b5 5. a4 Bb7 6. b3 e6 7. bxc4 bxc4 8. Bxc4 Nf6 9. 0-0 Nbd7 10. Qe2 Be7 11. Nbd2 c5 12. Nb3 cxd4 13. Nbxd4 0-0 14. Rd1 Qc7 15. Bb2 Nc5 16. a5 Rab8 17. h3 Nfd7 18. Bc3 Rfc8 19. Be1 Bf8 20. Rac1 g6 21. Qa2 Re8 22. Nb3 Bxf3 23. gxf3 Nxb3 24. Bxb3 Qb7 25. Ba4 Ne5 26. Bxe8 Nxf3+ 27. Kf1 Nh2+ 28. Kg1 Nf3+ 29. Kf1 Nh2+ 30. Kg1 Nf3+ 1/2-1/2

[Event "Aimchess Play In op"]
[Site "Chess.com INT"]
[Date "2023.06.12"]
[Round "2"]
[White "Ter Sahakyan, Samvel"]
[Black "Guliyev, Namig"]
[Result "1/2-1/2"]
[WhiteElo "2598"]
[BlackElo "2521"]
[PlyCount "123"]
[EventDate "2023.06.12"]
[EventType "swiss (rapid)"]
[EventRounds "9"]
[EventCountry "USA"]
[SourceTitle "CBM 214 Extra"]
[Source "ChessBase"]
[SourceDate "2023.07.31"]
[SourceVersion "1"]
[SourceVersionDate "2023.07.31"]
[SourceQuality "1"]

1. d4 d5 2. c4 dxc4 3. e4 e5 4. Nf3 Bb4+ 5. Bd2 Bxd2+ 6. Qxd2 exd4 7. Qxd4 Qxd4 8. Nxd4 Nf6 9. Nc3 Be6 10. Nxe6 fxe6 11. Bxc4 Ke7 12. f3 Nc6 13. 0-0-0 Rhd8 14. Be2 Rxd1+ 15. Rxd1 Rd8 16. Rxd8 Kxd8 17. Kd2 Ke7 18. Ke3 e5 19. g3 Nd4 20. Bd1 g5 21. a4 a5 22. Nd5+ Nxd5+ 23. exd5 Nf5+ 24. Kd3 Nd6 25. Bc2 h6 26. Kc3 b6 27. b4 axb4+ 28. Kxb4 Ne8 29. a5 bxa5+ 30. Kc5 Nd6 31. Bd3 Nc8 32. Kc6 Kd8 33. Bc2 Nd6 34. Kc5 Kc8 35. Kc6 Nc4 36. Kc5 Nd2 37. Bd1 Nf1 38. d6 Nxh2 39. Kc6 cxd6 40. Kxd6 Nf1 41. g4 Ne3 42. Bb3 Kb7 43. Kxe5 Kb6 44. Kf6 Ng2 45. Kg6 Nf4+ 46. Kxh6 Nh3 47. Kg6 Kc5 48. Kf5 Kd4 49. Ba4 Kc4 50. f4 gxf4 51. Ke4 Kb4 52. Bd7 Kc4 53. Ba4 Kc3 54. Bc6 Kd2 55. Bb5 Ke1 56. Kf3 Kd2 57. Ke4 Kc3 58. Ba4 Kb4 59. Bd7 a4 60. Bxa4 Kxa4 61. g5 Nxg5+ 62. Kxf4 1/2-1/2

[Event "Baku op"]
[Site "Baku"]
[Date "2023.05.12"]
[Round "9"]
[White "Madaminov, Mukhiddin"]
[Black "Guliyev, Namig"]
[Result "1-0"]
[WhiteElo "2436"]
[BlackElo "2538"]
[PlyCount "119"]
[EventDate "2023.05.04"]
[EventType "swiss"]
[EventRounds "9"]
[EventCountry "AZE"]
[SourceTitle "CBM 214 Extra"]
[Source "ChessBase"]
[SourceDate "2023.07.31"]
[SourceVersion "1"]
[SourceVersionDate "2023.07.31"]
[SourceQuality "1"]

1. d4 d5 2. Nc3 Bf5 3. f3 Nf6 4. g4 Bg6 5. h4 h6 6. Bf4 a6 7. e3 e6 8. Bd3 Bxd3 9. Qxd3 c5 10. Nge2 Nc6 11. 0-0-0 Qa5 12. dxc5 0-0-0 13. Nd4 Nb4 14. Qd2 Nxa2+ 15. Nxa2 Qxa2 16. Nb3 Qa4 17. Qc3 Nd7 18. e4 Qc4 19. Qxc4 dxc4 20. Na5 Bxc5 21. Nxc4 h5 22. g5 f6 23. gxf6 gxf6 24. Nd6+ Bxd6 25. Rxd6 Nf8 26. Rxd8+ Kxd8 27. Rd1+ Kc8 28. Rg1 e5 29. Be3 Kd7 30. Rg7+ Kc6 31. f4 exf4 32. Bxf4 Rh7 33. Rxh7 Nxh7 34. Bh6 Kc5 35. c3 Kd6 36. Kd2 f5 37. Bg7 fxe4 38. Ke3 Kd5 39. c4+ Ke6 40. Kxe4 Kf7 41. Bc3 Ke6 42. Kf4 b5 43. c5 Nf8 44. Kg5 Kd5 45. Kxh5 Kxc5 46. Kg4 b4 47. Bg7 Ne6 48. h5 Nxg7 49. h6 Ne8 50. Kg5 Nd6 51. h7 Kc4 52. Kg6 Kb3 53. h8Q Nc4 54. Qg8 a5 55. Kf5 a4 56. Ke4 a3 57. Kd3 Kxb2 58. Qg2+ Kb1 59. Qc2+ Ka1 60. Kxc4 1-0

[Event "Baku op"]
[Site "Baku"]
[Date "2023.05.09"]
[Round "6"]
[White "Guliyev, Namig"]
[Black "Doshi, Moksh Amitbhai"]
[Result "1-0"]
[WhiteElo "2538"]
[BlackElo "2397"]
[PlyCount "93"]
[EventDate "2023.05.04"]
[EventType "swiss"]
[EventRounds "9"]
[EventCountry "AZE"]
[SourceTitle "CBM 214 Extra"]
[Source "ChessBase"]
[SourceDate "2023.07.31"]
[SourceVersion "1"]
[SourceVersionDate "2023.07.31"]
[SourceQuality "1"]

1. e4 c5 2. Nf3 d6 3. Bb5+ Nd7 4. d4 cxd4 5. Qxd4 a6 6. Bxd7+ Bxd7 7. Nc3 e5 8. Qd3 Rc8 9. 0-0 h6 10. Rd1 Nf6 11. a4 Be7 12. Nd2 Qc7 13. Nf1 Bg4 14. Re1 0-0 15. a5 Be6 16. Qg3 Kh8 17. Ne3 Qc6 18. Qf3 Nh7 19. Ncd5 Bg5 20. Nb6 Rcd8 21. c4 Bxe3 22. Bxe3 f5 23. Qh3 Qxe4 24. Bxh6 Qc6 25. Bd2 Kg8 26. Rad1 Nf6 27. Bb4 Ne4 28. Qa3 Nc5 29. Nd5 Bxd5 30. Rxd5 Ne6 31. Bxd6 Rfe8 32. Bxe5 Rxd5 33. cxd5 Qxd5 34. Qg3 Qxa5 35. Bc3 Qd5 36. Bxg7 Kf7 37. Bc3 Rg8 38. Qh3 Ng5 39. Qh5+ Rg6 40. Kh1 Ne6 41. f3 Qd3 42. h4 Qc2 43. g4 fxg4 44. fxg4 Nf8 45. Qd5+ Re6 46. Rf1+ Ke8 47. Rxf8+ 1-0

[Event "Baku op"]
[Site "Baku"]
[Date "2023.05.07"]
[Round "4"]
[White "Guliyev, Namig"]
[Black "Dixit, Nikhil"]
[Result "1-0"]
[WhiteElo "2538"]
[BlackElo "2257"]
[PlyCount "85"]
[EventDate "2023.05.04"]
[EventType "swiss"]
[EventRounds "9"]
[EventCountry "AZE"]
[SourceTitle "CBM 214 Extra"]
[Source "ChessBase"]
[SourceDate "2023.07.31"]
[SourceVersion "1"]
[SourceVersionDate "2023.07.31"]
[SourceQuality "1"]

1. e4 c5 2. Nf3 Nc6 3. d4 cxd4 4. Nxd4 Nf6 5. Nc3 e5 6. Ndb5 d6 7. Bg5 a6 8. Na3 b5 9. Bxf6 gxf6 10. Nd5 Bg7 11. Bd3 Ne7 12. Nxe7 Qxe7 13. 0-0 0-0 14. c3 f5 15. Nc2 Bb7 16. exf5 e4 17. Re1 d5 18. Qh5 Qd6 19. Bf1 b4 20. Nxb4 d4 21. Rad1 d3 22. Nc2 Qh6 23. Qxh6 Bxh6 24. Ne3 Rfd8 25. g3 Re8 26. Ng4 Bg5 27. f4 Be7 28. Bg2 h5 29. Ne5 Bc5+ 30. Kf1 Rad8 31. Bxe4 Bxe4 32. Rxe4 f6 33. Nd7 Rxe4 34. Nxf6+ Kf7 35. Nxe4 Be3 36. Nf2 Rb8 37. Nxd3 Kf6 38. Ke2 Ba7 39. Kf3 Kxf5 40. h3 Re8 41. g4+ hxg4+ 42. hxg4+ Kf6 43. Ne5 1-0

[Event "EU-ch 23rd"]
[Site "Vrnjacka Banja"]
[Date "2023.03.06"]
[Round "4"]
[White "Guliyev, Namig"]
[Black "Kanov, Nikola"]
[Result "1-0"]
[WhiteElo "2528"]
[BlackElo "2392"]
[PlyCount "77"]
[EventDate "2023.03.03"]
[EventType "swiss"]
[EventRounds "11"]
[EventCountry "SRB"]
[SourceTitle "CBM 213"]
[Source "ChessBase"]
[SourceDate "2023.04.30"]
[SourceVersion "1"]
[SourceVersionDate "2023.04.30"]
[SourceQuality "1"]

1. e4 e5 2. Nf3 Nc6 3. Bb5 a6 4. Ba4 Nf6 5. 0-0 b5 6. Bb3 Bc5 7. c3 d6 8. d4 Bb6 9. Re1 0-0 10. Bg5 h6 11. Bh4 g5 12. Nxg5 hxg5 13. Bxg5 Kg7 14. Re3 Ne7 15. Rg3 Ng6 16. h4 Bb7 17. h5 Bxe4 18. Nd2 Bb7 19. Bc2 exd4 20. hxg6 d3 21. Bxd3 fxg6 22. Bh6+ Kh8 23. Bxf8 Qxf8 24. Nf3 Nh5 25. Rxg6 Nf4 26. Rg4 Nh3+ 27. gxh3 Bxf3 28. Rh4+ Kg8 29. Bh7+ Kg7 30. Qd2 Qf6 31. Rf4 Qe5 32. Rxf3 Kxh7 33. Re1 Rg8+ 34. Kf1 Qg7 35. Rg3 Qd7 36. Qd3+ Kh8 37. Re4 Qd8 38. Rxg8+ Kxg8 39. Qg3+ 1-0

[Event "Airthings Masters Play In"]
[Site "Chess.com INT"]
[Date "2023.02.03"]
[Round "6"]
[White "Guliyev, Namig"]
[Black "Demidov, Mikhail"]
[Result "0-1"]
[WhiteElo "2528"]
[BlackElo "2575"]
[PlyCount "88"]
[EventDate "2023.02.03"]
[EventType "swiss (rapid)"]
[EventRounds "9"]
[EventCountry "USA"]
[SourceTitle "CBM 212 Extra"]
[Source "ChessBase"]
[SourceDate "2023.03.31"]
[SourceVersion "1"]
[SourceVersionDate "2023.03.31"]
[SourceQuality "1"]

1. e4 Nf6 2. e5 Nd5 3. d4 d6 4. Nf3 Nb6 5. h3 g6 6. Bd3 Bg7 7. 0-0 0-0 8. Qe2 Nc6 9. Rd1 Nb4 10. Bf4 Nxd3 11. Rxd3 Bf5 12. Rd2 Qd7 13. Nc3 Rad8 14. Re1 Qc6 15. g4 Be6 16. Rdd1 Nd5 17. Nxd5 Bxd5 18. Nh2 dxe5 19. Bxe5 Bxe5 20. dxe5 Rd7 21. b3 b5 22. Rd3 Rfd8 23. Red1 a6 24. f3 Be6 25. Rxd7 Rxd7 26. Rxd7 Qxd7 27. Nf1 Qd4+ 28. Kg2 Qb2 29. f4 Qxa2 30. Qd3 c6 31. Ne3 Bd5+ 32. Kg3 b4 33. Qd4 Qb1 34. Nxd5 cxd5 35. Qxd5 Qxc2 36. Qd8+ Kg7 37. Qxe7 Qxb3+ 38. Kh4 h6 39. e6 Qxe6 40. Qxb4 Qe3 41. Qb2+ Kh7 42. Qg2 Qe1+ 43. Qg3 g5+ 44. fxg5 hxg5+ 0-1